AH International Schools' Libraries

Love & respect : (Record no. 50099)

MARC details
000 -LEADER
fixed length control field 02474nam a2200241 4500
020 ## - INTERNATIONAL STANDARD BOOK NUMBER
International Standard Book Number 1591451876
Qualifying information hardcover
020 ## - INTERNATIONAL STANDARD BOOK NUMBER
International Standard Book Number 9781591451877
Qualifying information (hardcover)
042 ## - AUTHENTICATION CODE
Authentication code pcc
050 00 - LIBRARY OF CONGRESS CALL NUMBER
Classification number BV4596.M3
Item number E34 2004
082 00 - DEWEY DECIMAL CLASSIFICATION NUMBER
Classification number 248.8/44
Edition number 22
100 ## - MAIN ENTRY--PERSONAL NAME
Personal name Eggerichs, Emerson,
Relator term author.
9 (RLIN) 87118
245 10 - TITLE STATEMENT
Title Love & respect :
Remainder of title the love she most desires, the respect he desperately needs /
Statement of responsibility, etc Emerson Eggerichs.
260 ## - PUBLICATION, DISTRIBUTION, ETC. (IMPRINT)
Place of publication, distribution, etc Nashville, TN :
Name of publisher, distributor, etc Integrity Publishers ;
Place of publication, distribution, etc Colorado Springs, Colo. :
Name of publisher, distributor, etc Focus on the Family,
Date of publication, distribution, etc c2004.
300 ## - PHYSICAL DESCRIPTION
Extent viii, 324 p. :
Other physical details ill. ;
Dimensions 24 cm.
504 ## - BIBLIOGRAPHY, ETC. NOTE
Bibliography, etc Includes bibliographical references (p. [319]-324).
505 ## - FORMATTED CONTENTS NOTE
Formatted contents note Introduction : love (and respect) is enough -- The simple secret to a better marriage -- To communicate, decipher the code -- Why she won't respect--why he won't love -- What men fear most can keep the crazy cycle spinning -- She fears being a doormat -- He's tired of "just not getting it" -- She worries about being a hypocrite -- He complains, "I get no respect!" -- She thinks she can't forgive him -- He says, "Nobody can love that woman!" -- C-o-u-p-l-e : how to spell love to your wife -- Closeness ... she wants you to be close -- Openness--she wants you to open up to her -- Understanding--don't try to "fix her", just listen -- Peacemaking--she wants you to say, "I'm sorry" -- Loyalty--she needs to know you're committed -- Esteem--she wants you to honor and cherish her -- C-h-a-i-r-s : how to spell respect to your husband -- Conquest--appreciate his desire to work and achieve -- Hierarchy--appreciate his desire to protect and provide -- Authority--appreciate his desire to serve and to lead -- Insight--appreciate his desire to analyze and counsel -- Relationship--appreciate his desire for shoulder-to-shoulder friendship -- Sexuality--appreciate his desire for sexual intimacy -- The energizing cycle will work if you do -- Part III: The rewarded cycle -- The real reason to love and respect -- The truth can make you free, indeed -- Conclusion: pink and blue can make God's purple.
650 ## - SUBJECT ADDED ENTRY--TOPICAL TERM
Topical term or geographic name as entry element Spouses
General subdivision Religious life.
9 (RLIN) 86974
650 ## - SUBJECT ADDED ENTRY--TOPICAL TERM
Topical term or geographic name as entry element Love
General subdivision Religious aspects
-- Christianity.
9 (RLIN) 52475
650 ## - SUBJECT ADDED ENTRY--TOPICAL TERM
Topical term or geographic name as entry element Respect
General subdivision Religious aspects
-- Christianity.
9 (RLIN) 87119
942 ## - ADDED ENTRY ELEMENTS (KOHA)
Source of classification or shelving scheme
Holdings
Withdrawn status Lost status Source of classification or shelving scheme Damaged status Not for loan Home library Current library Date acquired Total Checkouts Full call number Barcode Date last seen Price effective from Koha item type
          Logos International School Logos International School 01/16/2026   248.844 EGG 040828 01/20/2026 01/16/2026 Book

For any Logos Library related questions please contact Miss Art at swongnarasuk@asianhope.org.

For any Asian Hope Library related questions please contact Miss Raza at graza@asianhope.org.

Click here to explore our ebooks!

Powered by Koha